Normal view
MARC view
- فضلي، عدنان عباس ؛ اعداد جزراوي،ميري عيسى
Entry Personal Name
001 - CONTROL NUMBER
- control field: 38194
003 - CONTROL NUMBER IDENTIFIER
- control field: JO-AjAnu
005 - DATE AND TIME OF LATEST TRANSACTION
- control field: 20230606080349.0
008 - FIXED-LENGTH DATA ELEMENTS
- fixed length control field: 230606|| aca||aabn | a|a d
040 ## - CATALOGING SOURCE
- Original cataloging agency: JO-AjAnu
- Transcribing agency: JO-AjAnu
100 ## - HEADING--PERSONAL NAME
- Personal name: فضلي، عدنان عباس ؛ اعداد جزراوي،ميري عيسى
670 ## - SOURCE DATA FOUND
- Source citation: Work cat.: (JO-AjAnu)19594: فضلي، عدنان عباس ؛ اعداد جزراوي،ميري عيسى, author, دليل الموسوعة المختصرة في علم النفس وطب نفس الأطفال الخاصة بالأطفال المعوقين وبطيئ التعلم